Geography Quiz

Random Geography or World Quiz

'G' Countries on a Map Quiz Stats

Quiz Updated Feb 23, 2016

Challenge
Share
Tweet
Score 0/11 Timer 02:00
34 Plays Today
% Correct
Germany
95.2%
Greece
90.5%
Guatemala
89.9%
Guyana
85.1%
Ghana
84%
Georgia
81.9%
Guinea
77.7%
Gabon
74.8%
Grenada
71.2%
Guinea Bissau
70.1%
The Gambia
69.5%

You're not logged in!

Compare scores with friends on all Sporcle quizzes.
Sign Up with Email
OR
Log In

You Might Also Like...

Show Comments

Extras

Top Quizzes Today


Score Distribution

Your Account Isn't Verified!

In order to create a playlist on Sporcle, you need to verify the email address you used during registration. Go to your Sporcle Settings to finish the process.